000 00821nam a2200253 i 4500
001 000047535
003 DO-SdBNP
005 20250314133139.0
007 ta
008 180621s2017 dr 000 spa d
020 _a9789945582451
040 _aDO-SdBNP
_bspa
_cBNPHU
_erda
082 4 _axxx
_bT646a
_222
100 1 _aToirac, Luis,
_eautor
_4aut.
_975150
245 1 0 _aAcantilados distantes /
_cLuis Toirac ; prólogo, José Alcántara Almánzar
264 4 _aSanto Domingo :
_bBanco Central de la República Dominicana,
_c©2017.
300 _a152 páginas ;
_c23 cm.
336 _atexto
_btxt
_2rdacontent
337 _asin mediación
_bn
_2rdamedia
338 _avolumen
_bnc
_2rdacarrier
590 _aInventariado, 2018/DG
700 1 _aAlcántara Almánzar, José,
_eprologuista
_4pr.
_987139
942 _2ddc
_cLBS1
999 _c47023
_d47023